| 000 | 00807nam a2200229Ia 4500 | ||
|---|---|---|---|
| 008 | 130821s1948 xxua gr eng | ||
| 040 |
_aCo-BoUCM _bspa |
||
| 041 | 0 | 0 | _aeng |
| 092 | _aFMR 0177 | ||
| 100 | 1 |
_aScheinker, I. Mark _9138525 |
|
| 245 | 1 | 0 |
_aNeurosurgical pathology _cI. Mark Scheinker |
| 260 |
_aSpringfield (Illinois, Estados Unidos) _bCharles C. Thomas _c1948 |
||
| 300 |
_axv, 370 páginas _bilustraciones (algunas en color) |
||
| 500 | _aLibro disponible en 48 horas a partir de la solicitud. | ||
| 504 | _aIncluye bibliografía e índice general. | ||
| 650 | 0 | 4 |
_aEnfermedades del sistema nervioso _914383 |
| 650 | 0 | 4 |
_aMedula espinal _919259 |
| 650 | 0 | 4 |
_aNeoplasmas _920217 |
| 650 | 0 | 4 |
_aNeurología _920299 |
| 650 | 0 | 4 |
_aSistema nervioso central _924579 |
| 942 |
_cLIBRO _a15 _e1 _n0 |
||
| 999 |
_c64763 _d64763 |
||